000 00742cas a2200229 a 4500
999 _c523446
_d523446
022 0 _a1523-2409
082 0 0 _a658.7/2/05
245 0 4 _aThe journal of supply chain management.
260 _aTempe, Ariz. :
_bNational Association of Purchasing Management,
_c©1999-
300 _avolumes ;
_c28 cm
500 _aTitle from cover.
590 _aSERBIB/SERLOC merged record
650 0 _aPurchasing
_928959
650 0 _aMaterials management
_928960
650 0 _aIndustrial procurement
_928961
650 7 _aIndustrial procurement.
_928961
650 7 _aMaterials management.
_928960
650 7 _aPurchasing.
_928959
710 2 _aNational Association of Purchasing Management.
_913817
942 _cBK